Statistics for Taylor Swift 21

Click here to take the quiz!

General Stats

  • This quiz has been taken 18 times
    (12 since last reset)
  • The average score is 268 of 325

Answer Stats

Answer% Correct
a
100%
I
100%
in
100%
is
100%
it's
100%
my
100%
of
100%
that
100%
the
100%
when
100%
you
100%
your
100%
you're
100%
and
91%
are
91%
at
91%
could
91%
I'm
91%
kind
91%
like
91%
love
91%
me
91%
to
91%
up
91%
can't
82%
'cause
82%
fighting
82%
he
82%
hear
82%
kissing
82%
knew
82%
loved
82%
miss
82%
now
82%
rain
82%
so
82%
that's
82%
way
82%
were
82%
2am
73%
act
73%
all
73%
but
73%
close
73%
couldn't
73%
cursing
73%
down
73%
everything
73%
feel
73%
for
73%
he's
73%
his
73%
insane
73%
into
73%
just
73%
look
73%
much
73%
name
73%
never
73%
rush
73%
says
73%
screaming
73%
smile
73%
some
73%
will
73%
acted
64%
anything
64%
beautiful
64%
better
64%
breaking
64%
by
64%
calls
64%
car
64%
door
64%
exactly
64%
faking
64%
father
64%
feeling
64%
fine
64%
friends
64%
get
64%
got
64%
heart's
64%
jealous
64%
mother
64%
need
64%
not
64%
rollercoaster
64%
see
64%
sensible
64%
single
64%
tonight
64%
with
64%
ask
55%
business
55%
charming
55%
comfortable
55%
coming
55%
complicated
55%
crazy
55%
endearing
55%
incredible
55%
intoxicating
55%
mistake
55%
opens
55%
perfectly
55%
respects
55%
space
55%
talks
55%
undone
55%
wild
55%
away
45%
frustrating
45%
makes
45%
wait
45%

Score Distribution

Percentile by Number Answered

Percent of People with Each Score

Your Score History

You have not taken this quiz since the last reset